| 000 | 00916nab a2200253 u 4500 | ||
|---|---|---|---|
| 001 | 14750 | ||
| 003 | HDC | ||
| 007 | cr bn ---aaaaa | ||
| 008 | 210215c20140714my dr|nes 0 a may d | ||
| 040 | _aHDC | ||
| 100 |
_aSharifah Norfaezah Wan Ahmad Makki Mashor _eauthor _914817 |
||
| 245 | 0 |
_a52 jenama kita bertapak di 55 negara / oleh _cSharifah Norfaezah Wan Ahmad Makki Mashor |
|
| 260 |
_aKuala Lumpur : _bThe New Straits Times Press (M) Bhd., _c2014 |
||
| 336 |
_atext _2rdacontent |
||
| 337 |
_acomputer _2rdamedia |
||
| 338 |
_aonline resource _2rdacarrier |
||
| 650 |
_afranchise system _97287 |
||
| 650 |
_alocal brands _zMalaysia _915206 |
||
| 710 | _aHarian Metro | ||
| 856 | _zRequest full-text at [email protected] | ||
| 942 | _2lcc | ||
| 942 | _cNEWS | ||
| 942 | _kNWSC 005645 | ||
| 999 |
_c12066 _d12066 |
||